| 000 | 00383nam a2200145 a 4500 | ||
|---|---|---|---|
| 005 | 20140412111428.0 | ||
| 008 | 110129s19uu xx 00 eng d | ||
| 020 | _a0-590-48762-0 | ||
| 050 |
_aTR(PS E _bWh56 1993 |
||
| 100 | _aLillie, Patricia | ||
| 245 |
_aWhen this box is full / _cPatricia Lillie. |
||
| 260 |
_aU.S.A : _bScholastic, _c1993. |
||
| 300 | _a28p. | ||
| 999 |
_c106285 _d106285 |
||